| 000 | 00366 a2200145 4500 | ||
|---|---|---|---|
| 020 | _a1580622070 | ||
| 024 | _a9781580622073 | ||
| 082 | _a658.1522421 | ||
| 090 |
_c2740 _d2740 |
||
| 100 | _aLong, Mark | ||
| 245 |
_aFinancing The New Venture _cMark Long |
||
| 260 |
_aNew York _bAdams Media Corporation _c2000 |
||
| 300 | _a354 | ||
| 942 |
_aNBS _cBK _k658.1522421 LON |
||
| 999 |
_c345231 _d345231 |
||